000 01960nam2a22003491 4500
001 RU\NLR\A1SV\106281
005 20251203152403.2
035 _a(NLR Aleph) 009787634
090 _a13486454
_c13486454
100 _a20100826d1922 u y0rusy50 ca
101 0 _arus
200 0 _aСб.1
215 _a192 с.
327 0 _aАвт.: В.Мечтатель, Петр Орешин, Василий Блинков, Иван Ерошин, С.Гусев-Оренбургский, Иосиф Левин, Евгений Замятин, Нина Смирнова, П.П.Маслов, В.А.Анисимов, Я.Я.Петрович
461 1 _1001RU\NLR\A1SV\106280
_12000#$aПечаль полей$e[Рассказы, стихи, ст. и офиц. материалы]$vСб.1
_910123145
_cЧита
_d1922
_nЦентр. д.-в. ком. обществ. организаций по оказанию помощи голодающим России
_o[Рассказы, стихи, ст. и офиц. материалы]
_tПечаль полей
_vСб.1
702 1 _7ca
_8rus
_aЛевин
_bВ. М.
_cпоэт, литератор
_f1892-1953
_gВениамин Михайлович
_9253640
_3RU\NLR\AUTH\770253696
702 1 _aОрешин
_bП.В.
_f1887-1938
_gПетр Васильевич
702 1 _aБлинков
_bВ.
_gВасилий
702 1 _aЕрошин
_bИ.Е.
_f1894-1965
_gИван Евдокимович
702 1 _aГусев-Оренбургский
_bС.И.
_f1867-1963
_gСергей Иванович
702 1 _aЛевин
_bИ.
_gИосиф
702 1 _aЗамятин
_bЕ.И.
_f1884-1937
_gЕвгений Иванович
702 1 _aСмирнова
_bН.
_gНина
702 1 _aМаслов
_bП.П.
_f1867-1946
_gПетр Павлович
702 1 _aАнисимов
_bВ.А.
702 1 _aПетрович
_bЯ.Я.
801 0 _aRU
_bNLR
_c20100826
852 _aNLR
_j57-3/3262
942 _cBOOK
980 _aA1SV
980 _aNB